000 00649nas a2200241 4500
001 BR9201079
003 BR-BrBNA
005 20231205092340.0
007 ta
008 230509b bl.|||p| |||| 00| 00por d
040 _aBR-BrBNA
_bpor
_cBiblioteca Nacional de Agricultura
041 _a(Pt)
072 _aF04
100 1 _aAnon.
245 1 _aEnsaio de adubacao fosfatada em soja
650 _aSOJA
650 _aADUBACAO
650 _aFERTILIZANTE FOSFATADO
650 _aPRATICO
773 0 _tCerrado (Brazil)
_xISSN 0100-0578
_g(Mar 1972), v. 4(15) p. 25
_wBR9201079
909 _a202311
_bLúcia
_c55
_dLúcia Elande
942 _2AGRIS
_n0
_cANA
999 _c131104
_d131104